000 00411nam a2200145Ia 4500
008 230917s9999||||xx |||||||||||||| ||und||
040 _e81288
_aMAIN
041 _aEnglish
082 _a342.56 G155G
100 _aGani, H A
245 0 _aGovernor in the Indian constitution: certain controversies and sarkaria commission
260 _aDelhi
_bAjanta Publications
_c1990
300 _axiii, iii p.
942 _cBK
999 _c58700
_d58700